00885nam a2200265 a 450000100060000000300080000600500170001400800410003102000150007202000180008703500190010504000270012404100080015108200300015924501130018926000770030230000340037950400510041365000340046465000290049870000190052770000250054670000200057183000280059130306BD-RjUL20211209051538.0140409r20121999ii bd 001 0 eng d a019564963X a9780195649635 a(BD-RjUL)30391 aDLCbengcDLCdBD-RjUL aeng00220a363.8091724bPOL 201204aThe political economy of hunger :bselected essays /cedited by Jean Drèze, Amartya Sen and Athar Hussain. aNew Delhi ;aOxford :bOxford University Press,c1999 [Impression 2012]. axiv, 626 p. :c22 cm.bill. ; aIncludes bibliographical references and index. 0aNutrition policyzSouth Asia. 0aFood supplyzSouth Asia.1 aDrèze, Jean.1 aSen, Amartya,d1933-1 aHussain, Athar. 0aOxford India paperbacks